Statistiques concernant Devinez le Pays Mystère #30

Cliquez ici pour prendre le quiz!

Statistiques générales

  • Ce quiz a été pris 469 fois
  • Le résultat moyen est 10 sur 15

Statistiques - réponses

Type de RéponseRéponse% Correct
Lettre TrouvéeE
99%
Lettre TrouvéeS
87%
Lettre TrouvéeR
84%
Lettre TrouvéeO
80%
Lettre Bien PlacéeO
69%
Lettre TrouvéeM
65%
Lettre Bien PlacéeO
62%
Lettre Bien PlacéeR
61%
Lettre Bien PlacéeM
57%
Lettre TrouvéeC
56%
Lettre TrouvéeO
54%
Lettre Bien PlacéeC
50%
Lettre Bien PlacéeS
47%
Pays MystèreComores
46%
Lettre Bien PlacéeE
46%

Distribution des résultats

Percentile par nombre de réponses

% des personnes avec chaque résultat

Votre développement - résultats

Vous n’avez pas pris ce quiz